Finite element methods : basic concepts and applications / (Record no. 2798)

000 -LEADER
fixed length control field 00480nam a22001457a 4500
008 - FIXED-LENGTH DATA ELEMENTS--GENERAL INFORMATION
fixed length control field 191122b2009 ||||| |||| 00| 0 eng d
020 ## - INTERNATIONAL STANDARD BOOK NUMBER
International Standard Book Number 9788120335844
082 00 - DEWEY DECIMAL CLASSIFICATION NUMBER
Edition number 23
Classification number 620.00151
Item number A324
100 1# - MAIN ENTRY--PERSONAL NAME
Personal name Alavala, Chennakesava R.
245 10 - TITLE STATEMENT
Title Finite element methods : basic concepts and applications /
260 ## - PUBLICATION, DISTRIBUTION, ETC. (IMPRINT)
Place of publication, distribution, etc New Delhi :
Name of publisher, distributor, etc PHI Learning,
Date of publication, distribution, etc c2009.
300 ## - PHYSICAL DESCRIPTION
Extent xv, 392 p. :
Other physical details ill. ;
Dimensions 24 cm.
650 #0 - SUBJECT ADDED ENTRY--TOPICAL TERM
Topical term or geographic name as entry element Finite element method.
942 ## - ADDED ENTRY ELEMENTS (KOHA)
Item type Books
Holdings
Withdrawn status Lost status Source of classification or shelving scheme Damaged status Not for loan Permanent location Current location Date acquired Source of acquisition Total Checkouts Total Renewals Full call number Barcode Date last seen Date last borrowed Cost, replacement price Koha item type
          IMU Kolkata IMU Kolkata 2010-03-18 B. Bross & Co. 2 1 620.00151 A324 10997 2023-05-29 2023-05-19 325.00 Books
Designed and Maintained by IMU-KC Library, Kolkata Campus © Copyright All Rights Reserved

webs counters

Powered by Koha